Responses for show #7762 - Tuesday, May 15, 2018

2018 Teachers Tournament semifinal game 2.

Contestants

Claire Bishop, a high school Latin teacher from Lexington, Kentucky

Rachel Niegelberg, an elementary school special education teacher from Trumansburg, New York

Judy Tymkiw, an 8th grade English teacher from Fortescue, New Jersey

Jeopardy! Round responses

I NEED A VACATION!
MUSIC
EDUCATIONAL ANAGRAMS
IT'S ONLY AN ALLUSION
MEN ON THE MOON
FROM "B" TO "Y"
    $200 1
Switzerland

Judy
    $200 4
Elton John

Rachel
    $200 21
the classroom

Rachel
    $200 10
the fountain of youth

Claire
    $200 26
a camera

Judy
    $200 9
a buoy

Claire
    $400 2
San Antonio

Claire
    $400 5
(Judy: Who is Lionel Richie?)

Katy Perry

JudyRachel
    $400 22
syllabus

Rachel
    $400 11
epiphany

Rachel
    $400 27
(Rachel: What is a lunar recreational vehicle?)

a lunar rover vehicle

RachelClaire
    $400 12
back pay

Rachel
    $600 3
calypso

Rachel
    $600 6
Coco

Rachel
    $600 23
standardized

Judy
    $600 18
Stepford wives

Claire
    $600 28
Buzz Aldrin

Claire
    $600 13
beady

Rachel
    $800 16
(Judy: What is Haiti?)

French Guiana

Judy
Triple Stumper
    $800 7
AC/DC

Claire
    $800 24
certification

Claire
    $3,000 19
Tweedledee and Tweedledum

Claire
    $800 29
shall return

Judy
    $800 14
a bad hair day

Rachel
    $1000 17
the Great Wall of China

Claire
    $1000 8
dumb and broke

Rachel
    $1000 25
methodology

Judy
    $1000 20
Scylla

Claire
    $1000 30
golf

Rachel
    $1000 15
a bestiary

Claire

Scores at the first commercial break (after clue 15):

Judy Rachel Claire
-$200 $5,000 $2,600

Scores at the end of the Jeopardy! Round:

Judy Rachel Claire
$1,600 $6,200 $10,000

Double Jeopardy! Round responses

A VIDEO GAME MENAGERIE
WORLD CAPITALS
TRIPLE RHYME TIME
BIG MOUTH
MYSTERIES & THRILLERS
THE KING'S ENGLISH
    $400 26
Millipede

Rachel
    $400 7
Amsterdam

Claire
    $400 12
a clean green bean

Judy
    $400 17
South America

Judy
    $400 2
Scotland Yard

Judy
    $400 6
Richard the Lionhearted

Rachel
    $800 27
Angry Birds

Claire
    $800 8
Mexico City

Claire
    $800 22
a fat bat spat

Rachel
    $800 18
Jerry Lewis

Judy
    $800 13
Vlad the Impaler (or Dracula)

Claire
    $800 5
Henry

Claire
    $1200 30
a bandicoot

Rachel
    $1200 9
Armenia

Rachel
    $1200 23
(Judy: What is the black--the black sack... oh, gosh.)

the black plaque sack

JudyRachel
    $1200 19
the basking shark

Triple Stumper
    $1200 14
the window

Claire
    $1200 1
William (of Orange)

Claire
    $1600 29
lemmings

Judy
    $2,500 10
Port-au-Prince

Rachel
    $1600 24
a mom rom-com

Rachel
    $1600 20
"Bigmouth Strikes Again"

Triple Stumper
    $1600 15
(Rachel: What is Cherokee?)

Navajo

JudyRachel
    $2,000 3
(Judy: Who is Alfred?)

George

Judy
    $2000 28
Resident Evil

Triple Stumper
    $2000 11
Tehran

Triple Stumper
    $2000 25
Mir near beer

Judy
    $2000 21
jousts

Rachel
    $2000 16
Dashiell Hammett

Triple Stumper
    $2000 4
Aethelred the Unready

Judy

Scores at the end of the Double Jeopardy! Round:

Judy Rachel Claire
$7,600 $15,900 $16,000

[wagering suggestions for these scores]

Final Jeopardy! Round responses

U.N. LANGUAGES
(Alex: We have English, French, Russian, Chinese, Spanish. That's five.)
JudyWhat is Arabic?
$7,600
RachelWhat is Arabic?
$10,000
ClaireWhat is Arabic?
$15,801
Arabic

Final scores:

Judy Rachel Claire
$15,200 $25,900 $31,801
3rd place: $10,000 2nd place: $10,000 Finalist

Game dynamics:

Coryat scores:

Judy Rachel Claire
$9,600 $15,000 $13,800
13 R,
4 W
(including 1 DD)
21 R
(including 1 DD),
2 W
19 R
(including 1 DD),
0 W

Combined Coryat: $38,400

The J! Archive is created by fans, for fans. The Jeopardy! game show and all elements thereof, including but not limited to copyright and trademark thereto, are the property of Jeopardy Productions, Inc. and are protected under law. This website is not affiliated with, sponsored by, or operated by Jeopardy Productions, Inc. Join the discussion at JBoard.tv.